[Event "KGZ-ch FL (Women)"]
[Site "Bishkek"]
[Date "2021.02.08"]
[Round "6"]
[White "Mirlan Kyzy, Azalia"]
[Black "Orozbekova, Aiiza"]
[Result "0-1"]
[WhiteElo "1638"]
[BlackElo "1385"]
[PlyCount "154"]
[EventDate "2021.02.03"]
[EventType "swiss"]
[EventRounds "7"]
[EventCountry "KGZ"]
[SourceTitle "EXT 2022"]
[Source "ChessBase"]
[SourceDate "2021.10.06"]
[SourceVersion "1"]
[SourceVersionDate "2021.10.06"]
[SourceQuality "1"]

1. e4 c5 2. Nf3 d6 3. d4 cxd4 4. Nxd4 Nf6 5. Nc3 g6 6. Be2 Bg7 7. 0-0 0-0 8. Be3 a6 9. a4 Nc6 10. Nb3 Be6 11. Nd4 Bd7 12. h3 Rc8 13. Nxc6 Bxc6 14. f3 Qa5 15. Qe1 Rfe8 16. g4 Nd7 17. Nd1 Qxe1 18. Rxe1 d5 19. exd5 Bxd5 20. Rc1 Ne5 21. Kf2 Bc4 22. b3 Bxe2 23. Rxe2 Red8 24. f4 Nc6 25. c4 Nb4 26. Rb1 Rd7 27. Kg2 Nd3 28. Nf2 Nxf2 29. Bxf2 e6 30. Rc1 Rd3 31. Re3 Rd2 32. Rce1 Rcd8 33. R1e2 Rxe2 34. Rxe2 Rd3 35. Re3 Rd2 36. Kf1 Bd4 37. Re2 Rd3 38. Bxd4 Rxd4 39. f5 gxf5 40. gxf5 Rf4+ 41. Kg2 Rxf5 42. Rd2 b5 43. cxb5 axb5 44. a5 b4 45. Ra2 Rb5 46. Ra4 Rb7 47. a6 Ra7 48. Kf3 Kf8 49. Ke4 Ke7 50. Kd4 Kd6 51. Kc4 Kc6 52. Kxb4 Kb6 53. Ra5 Rxa6 54. Rh5 f5 55. Rxh7 Kc6 56. Kc4 Kd6 57. b4 Ra1 58. Kd4 e5+ 59. Kc4 Rc1+ 60. Kd3 e4+ 61. Ke2 f4 62. Rf7 Rc2+ 63. Kd1 Rf2 64. Ke1 e3 65. b5 Ke5 66. Re7+ Kd4 67. b6 Rb2 68. b7 f3 69. Rd7+ Kc5 70. Rc7+ Kd6 71. Rc1 Rxb7 72. Kd1 Kd5 73. h4 Rh7 74. Rc3 Ke4 75. Rb3 Rd7+ 76. Ke1 f2+ 77. Ke2 Rd2+ 0-1

[Event "KGZ Olimp U16 qual"]
[Site "Bishkek"]
[Date "2019.09.08"]
[Round "7"]
[White "Orozbekova, Aiiza"]
[Black "Zamirbek Uulu, Adilet"]
[Result "1/2-1/2"]
[WhiteElo "1399"]
[BlackElo "1434"]
[PlyCount "75"]
[EventDate "2019.09.05"]
[EventType "swiss"]
[EventRounds "9"]
[EventCountry "KGZ"]
[SourceTitle "CBM 195 Extra"]
[Source "ChessBase"]
[SourceDate "2020.05.31"]
[SourceVersion "1"]
[SourceVersionDate "2020.05.31"]
[SourceQuality "1"]

1. e4 e6 2. d4 d5 3. Nd2 dxe4 4. Nxe4 Nd7 5. Nf3 Ngf6 6. Ng3 b6 7. Bd3 Bb7 8. 0-0 Be7 9. Re1 0-0 10. Ne4 Nxe4 11. Bxe4 Bxe4 12. Rxe4 Nf6 13. Re1 c5 14. c3 Qc7 15. Qe2 Rfd8 16. Be3 Nd5 17. Rad1 cxd4 18. Bxd4 Bc5 19. Ne5 Nf4 20. Qe3 Bxd4 21. Rxd4 Nd5 22. Qh3 Nf6 23. Nf3 Rxd4 24. Nxd4 Qc4 25. a3 Qa2 26. Qf3 Re8 27. Qe2 Rd8 28. Qb5 Qd5 29. Qa4 Qd7 30. Qxd7 Rxd7 31. g3 Kf8 32. Kf1 Rd5 33. h4 Nd7 34. Re3 Ne5 35. b3 Ke8 36. Ke2 Kd7 37. Nf3 Ng4 38. Re4 1/2-1/2

[Event "KGZ Olimp U16 qual"]
[Site "Bishkek"]
[Date "2019.09.08"]
[Round "6"]
[White "Sovetbekova, Nurai"]
[Black "Orozbekova, Aiiza"]
[Result "1-0"]
[WhiteElo "1526"]
[BlackElo "1399"]
[PlyCount "50"]
[EventDate "2019.09.05"]
[EventType "swiss"]
[EventRounds "9"]
[EventCountry "KGZ"]
[SourceTitle "CBM 195 Extra"]
[Source "ChessBase"]
[SourceDate "2020.05.31"]
[SourceVersion "1"]
[SourceVersionDate "2020.05.31"]
[SourceQuality "1"]

1. d4 d5 2. c4 e6 3. Nc3 Nf6 4. cxd5 exd5 5. Bg5 Nbd7 6. e3 c6 7. Bd3 Be7 8. Qc2 a5 9. Nf3 0-0 10. h3 Re8 11. g4 Nf8 12. 0-0-0 b5 13. Ne5 Qb6 14. Rdg1 a4 15. f4 Bd7 16. Bxf6 Bxf6 17. Nxd7 Nxd7 18. Bxh7+ Kf8 19. Bf5 Nb8 20. g5 Bd8 21. Rg3 Qa5 22. h4 b4 23. Nb1 Qb6 24. h5 b3 25. axb3 axb3 1-0

[Event "KGZ Olimp U16 qual"]
[Site "Bishkek"]
[Date "2019.09.07"]
[Round "4"]
[White "Degenbaev, Aziz"]
[Black "Orozbekova, Aiiza"]
[Result "1-0"]
[WhiteElo "1736"]
[BlackElo "1399"]
[PlyCount "59"]
[EventDate "2019.09.05"]
[EventType "swiss"]
[EventRounds "9"]
[EventCountry "KGZ"]
[SourceTitle "CBM 195 Extra"]
[Source "ChessBase"]
[SourceDate "2020.05.31"]
[SourceVersion "1"]
[SourceVersionDate "2020.05.31"]
[SourceQuality "1"]

1. c4 c5 2. Nf3 d6 3. d4 cxd4 4. Nxd4 Nf6 5. g3 g6 6. Bg2 Bg7 7. 0-0 0-0 8. Nc3 a6 9. Bg5 Re8 10. Qb3 Qd7 11. Na4 Qc7 12. Nb6 Ra7 13. Be3 Nc6 14. Nxc8 Na5 15. Qb6 Qxc8 16. Qxa5 Ra8 17. Qb6 Qxc4 18. Rfc1 Qa4 19. Bxb7 Rab8 20. Bc6 Rxb6 21. Bxa4 Ra8 22. Nb3 Rb4 23. Bc6 Rd8 24. Bd2 Rbb8 25. Ba5 Rf8 26. Rc2 Ng4 27. Bc7 Rbc8 28. Bd7 Ra8 29. Bxg4 f5 30. Bf3 1-0